TV Shows Missing 'L' Words Quiz Stats

 Plays Quiz Updated Oct 28, 2019

Score 0/18 Timer 03:00
5 Plays Today
Hint Answer % Correct
Little
97.1%
Let's
94.9%
Line
94.4%
League
93.6%
Lucy
93%
Letterman
92.9%
Liars
92.6%
Larry
92.4%
Love
92.1%
Hint Answer % Correct
Lost
90.4%
Legal
86.7%
Life
85.4%
Living
84.5%
Laverne
81%
Luck
80.7%
Limits
77.1%
Luke
55.8%
Laurie
49.1%

You're not logged in!

Compare scores with friends on all Sporcle quizzes.
OR
Log In

Sporcle TV

Today on Sporcle TV


Watch our educational content, quiz creation guides, and fun videos on Sporcle TV.

Show Comments

Extras

Top Quizzes Today


Score Distribution

Your Account Isn't Verified!

In order to create a playlist on Sporcle, you need to verify the email address you used during registration. Go to your Sporcle Settings to finish the process.

Report this User

Report this user for behavior that violates our Community Guidelines.

Details: